Summer Olympics Years - Statistics

General Stats
  • This quiz has been taken 89 times
  • The average score is 27 of 29
Answer Stats
Year % Correct
1972
97%
1980
97%
1984
97%
1988
97%
1948
96%
1952
96%
1956
96%
1960
96%
1964
96%
1976
96%
1968
94%
2004
94%
2008
94%
2012
94%
1992
93%
1996
93%
2000
93%
2016
91%
1936
89%
2020
89%
1912
87%
1924
87%
1928
87%
1932
87%
1908
86%
1920
86%
1900
83%
1904
83%
1896
81%
No matching quizzes found
Score Distribution
Percent of People with Each Score
Percentile by Number Answered
Your Score History
You have not taken this quiz